000 01478nam a2200337 a 4500
001 46964
003 BD-RjUL
005 20211209054234.0
008 160806s2001 ii a b 001 0 eng
020 _a0761995579
035 _a(BD-RjUL)47083
040 _aDLC
_cDLC
_dDLC
_dBD-RjUL
_beng
041 _aeng
082 0 0 _a306.0954
_223
_bMEW 2001
100 1 _aMehta, Prayag,
_d1926-
_9143059
245 1 0 _aWork, democracy, and development :
_bsocio-psychological monitoring of organisations and programmes /
_cPrayag Mehta.
260 _aNew Delhi ;
_aThousand Oaks, Calif. :
_bSage,
_c2001.
300 _a203 p. :
_bill., ;
_c23 cm.
504 _aIncludes bibliographical references (p.190-199) and index.
650 0 _aIndustrial sociology
_zIndia.
_9133639
650 0 _aChildren
_zIndia
_xAttitudes.
_9143060
650 0 _aDiversity in the workplace
_xGovernment policy
_zIndia
_xEvaluation.
_9143061
650 0 _aToleration
_xStudy and teaching
_xGovernment policy
_zIndia
_xEvaluation.
_9143062
650 0 _aDemocracy
_xStudy and teaching
_xGovernment policy
_zIndia
_xEvaluation.
_9143063
650 0 _aChild development
_xGovernment policy
_zIndia
_xEvaluation.
_9143064
651 0 _aIndia
_xEthnic relations.
_9132363
856 4 2 _3Publisher description
_uhttp://www.loc.gov/catdir/enhancements/fy0657/2001019394-d.html
856 4 1 _3Table of contents only
_uhttp://www.loc.gov/catdir/enhancements/fy0657/2001019394-t.html
942 _2ddc
_cBK
999 _c46964
_d46964